| 000 | 00353nam a2200121Ia 4500 | ||
|---|---|---|---|
| 005 | 20251222154415.0 | ||
| 008 | 251222s9999||||xx |||||||||||||| ||spa|| | ||
| 020 | _a84-216-0132-6 | ||
| 082 | _a510/A59 | ||
| 100 | _a"Andonegui Zabala, M Santos Hurtado , J. J.Margalejo, J.M." | ||
| 245 | 0 | _aMateméticas: Curso de orientación universitaria | |
| 942 | _cLIB | ||
| 999 |
_c35815 _d35815 |
||